[Event "II Abierto Int Villa de Albox"]
[Site "?"]
[Date "2001.07.24"]
[Round "4"]
[White "Canabate, Francisco"]
[Black "Lopez, Jose M"]
[Result "0-1"]
[WhiteElo "2125"]
[BlackElo "2448"]
[PlyCount "77"]

1. Nf3 d5 2. g3 Nf6 3. Bg2 c6 4. O-O Bg4 5. d3 Nbd7 6. Nbd2 e5 7. h3 Bh5 8. e4
dxe4 9. Nxe4 Nxe4 10. dxe4 Qc7 11. Qe2 Bc5 12. Be3 O-O 13. c3 Qb6 14. Bxc5 Qxc5
15. Rfd1 Nb6 16. Rd3 f6 17. Rad1 a5 18. b3 a4 19. Qe3 Qxe3 20. Rxe3 Bf7 21. c4
Rfd8 22. Rdd3 Rxd3 23. Rxd3 Be6 24. Nd2 Nd7 25. f4 Nc5 26. Rd6 Bf7 27. b4 Na6
28. a3 Kf8 29. Bf1 Ke7 30. Rd3 { } 30... Nxb4 31. axb4 a3 32. Rc3 a2 33. Nb3
Ra3 34. Rc2 Rxb3 35. Rxa2 Rxb4 36. Rc2 exf4 37. gxf4 g5 38. Kf2 Rb3 39. fxg5
0-1

[Event "II Abierto Int Villa de Albox"]
[Site "?"]
[Date "2001.07.24"]
[Round "4"]
[White "Saldano, Horacio"]
[Black "Fernandez Siles, Luis"]
[Result "1/2-1/2"]
[WhiteElo "2422"]
[BlackElo "2184"]
[PlyCount "150"]
[EventDate "2001.07.24"]

1. Nf3 Nf6 2. d4 g6 3. c4 Bg7 4. Nc3 O-O 5. e4 d6 6. Be2 Nbd7 7. O-O e5 8. Re1
exd4 9. Nxd4 Nc5 10. f3 a5 11. Bg5 c6 12. Qd2 Qb6 13. Kh1 a4 14. Rad1 Re8 15.
Bf1 Nfd7 16. Be3 Qd8 17. Rb1 Ne5 18. b3 axb3 19. axb3 Ra3 20. Red1 Ne6 21. b4
Qf6 22. Qb2 Ra8 23. Rbc1 h5 24. Qd2 Ra3 25. Qb2 Ra8 26. Qd2 Ra3 27. Nxe6 Qxe6
28. Bd4 Kh7 29. Qb2 Ra8 30. f4 c5 31. Nd5 cxd4 32. fxe5 Qxe5 33. Nc7 Bg4 34.
Re1 Bh6 35. Rb1 Be3 36. Nxa8 Rxa8 37. c5 h4 38. cxd6 Qxd6 39. Be2 Be6 40. Red1
Qf4 41. Rf1 Qxe4 42. Bf3 Qe5 43. Ra1 Rxa1 44. Rxa1 b6 45. Re1 Qf4 46. Qe2 Bd2
47. Rf1 d3 48. Qd1 Qxb4 49. Be4 Qxe4 50. Qxd2 h3 51. Rf4 Qxg2+ 52. Qxg2 hxg2+
53. Kxg2 b5 54. Kf2 g5 55. Rd4 Bc4 56. h4 gxh4 57. Rxh4+ Kg6 58. Ke3 Kg5 59.
Rf4 { } 59... f6 60. Rd4 Kf5 61. Rf4+ Kg5 62. Rd4 f5 63. Rf4 Kf6 64. Rh4 Ke5
65. Rd4 Kf6 66. Rh4 Ke6 67. Rf4 Ke5 68. Rd4 Ke6 69. Rf4 Kf6 70. Rh4 Kg5 71. Rd4
Kf6 72. Rh4 Ke7 73. Rd4 Ke6 74. Rf4 Ke5 75. Rd4 Kf6 1/2-1/2

[Event "II Abierto Int Villa de Albox"]
[Site "?"]
[Date "2001.07.24"]
[Round "4"]
[White "Amate Tortosa, B."]
[Black "Zlotnik, Boris"]
[Result "0-1"]
[WhiteElo "1982"]
[BlackElo "2415"]
[PlyCount "56"]

1. e4 e6 2. d4 d5 3. e5 c5 4. c3 Qb6 5. Nf3 Bd7 6. Be2 Bb5 7. O-O Bxe2 8. Qxe2
Qa6 9. Qxa6 Nxa6 10. Be3 Rc8 11. Nbd2 c4 12. Rfc1 Ne7 13. b4 f6 14. Bf4 Ng6 15.
Bg3 h5 16. exf6 gxf6 17. h4 Kd7 18. b5 Nc7 19. a4 Ne8 20. Re1 Ng7 21. Nf1 Nf5
22. Rad1 Bh6 23. Kh2 23... Rhg8 { } 24. Ne3 Bxe3 25. fxe3 Nxg3 26. Kxg3 Nf4+
27. Kh2 Rxg2+ 28. Kh1 Rf2 0-1

[Event "II Abierto Int Villa de Albox"]
[Site "?"]
[Date "2001.07.24"]
[Round "4"]
[White "Belezky, Sasha"]
[Black "Gallego, Agueda"]
[Result "1-0"]
[WhiteElo "2398"]
[BlackElo "1855"]
[PlyCount "61"]

1. Nf3 Nf6 2. b3 d5 3. Bb2 e6 4. e3 Be7 5. Be2 O-O 6. O-O b6 7. d3 Bb7 8. Ne5
Nfd7 9. f4 c5 10. Nd2 Nc6 11. Nxc6 Bxc6 12. e4 dxe4 13. dxe4 Nf6 14. Bd3 Qc7
15. Qe2 Qb7 16. Rf3 a6 17. Rh3 g6 18. Re1 Rfe8 19. g4 Nd7 20. e5 b5 21. c4 Rad8
22. Be4 Nb8 23. Bxc6 Nxc6 24. Ne4 Nd4 25. Qg2 Rd7 26. Bxd4 cxd4 27. c5 Rc8 28.
b4 Qa7 29. Nf6+ Bxf6 30. exf6 Qc7 31. Qf2 { } 1-0

[Event "II Abierto Int Villa de Albox"]
[Site "?"]
[Date "2001.07.24"]
[Round "4"]
[White "Gutierrez, Oscar"]
[Black "Lorenzini, Martin"]
[Result "0-1"]
[WhiteElo "2149"]
[BlackElo "2375"]
[PlyCount "80"]

1. e4 c6 2. d4 d5 3. Nc3 dxe4 4. Nxe4 Nd7 5. Nf3 Ngf6 6. Ng3 e6 7. Bd3 c5 8.
O-O cxd4 9. Nxd4 Bc5 10. Nb5 a6 11. Nc3 Qc7 12. Nge4 Be7 13. Bg5 Nxe4 14. Nxe4
f5 15. Ng3 Bxg5 16. Qh5+ g6 17. Qxg5 O-O 18. Qe7 Qc6 19. h4 Ne5 20. Be2 b6 21.
f4 Bb7 22. Rf2 Rae8 23. Qb4 Nf7 24. Bf3 Qc7 25. Bxb7 Qxb7 26. Re2 e5 27. fxe5
Rxe5 28. Rxe5 Nxe5 29. Re1 Qc7 30. Qf4 Re8 31. Kh1 Re6 32. Ne2 Re7 33. Ng1 b5
34. c3 Re6 35. Re2 Qd6 36. Rd2 Qe7 37. h5 37... Ng4 { } 38. g3 Re1 39. h6 Qb7+
40. Rg2 Ne3 0-1

[Event "II Abierto Int Villa de Albox"]
[Site "Albox (Almeria)"]
[Date "2001.07.24"]
[Round "4"]
[White "Gutierrez, Paloma"]
[Black "Barria, Daniel"]
[Result "0-1"]
[WhiteElo "2098"]
[BlackElo "2352"]
[PlyCount "156"]
[EventDate "2001.07.25"]

{15MB, General.ctg. T2N0T6
} 1. e4 e6 2. Nf3 d5 3. Nc3 Nf6 4. e5 Nfd7 5. d4 c5
6. dxc5 Nc6 7. Bf4 Bxc5 8. Bd3 f6 9. exf6 Qxf6 10. Bg5 Qf7 11. O-O O-O 12. Bh4
h6 13. Qe2 a6 14. a4 Nd4 15. Nxd4 Bxd4 16. Qg4 Bf6 17. Bxf6 Qxf6 18. Qg6 Qxg6
19. Bxg6 Ne5 20. Bh5 Bd7 21. f4 Nc4 22. Nd1 Nd2 23. Rf2 Ne4 24. Rf1 Nd2 25. Rf2
Ne4 26. Rf1 b5 27. g3 bxa4 28. Re1 Rab8 29. Bg4 Rfc8 30. c3 Rc7 31. Re2 Kf7 32.
Nf2 Nxf2 33. Kxf2 Rcb7 34. Ra2 Rb6 35. Rd2 Bb5 36. Be2 Kf6 37. Ke3 g5 38. fxg5+
hxg5 39. h4 gxh4 40. gxh4 Rg8 41. Kf3 Bc6 42. Kf2 e5 43. Bd1 e4 44. Bxa4 Ke5
45. Bxc6 Rxc6 46. Ra5 Rf6+ 47. Ke2 Rg2+ 48. Ke1 Rg1+ 49. Ke2 Rg2+ 50. Ke1 Rxd2
51. Kxd2 Rf2+ 52. Ke3 Rxb2 53. c4 Rb3+ 54. Ke2 Kf4 55. Rxd5 Rh3 56. Rd6 Rh2+
57. Kf1 a5 58. Ra6 Kf3 59. Rf6+ Ke3 60. Ra6 Rf2+ 61. Kg1 Rf5 62. Rd6 Kf3 63.
Kf1 Rf4 64. h5 e3 65. c5 a4 66. h6 a3 67. h7 Rh4 68. Rf6+ 68... Ke4 { } 69. Ra6
Rxh7 70. Rxa3 Kf3 71. Kg1 Rg7+ 72. Kf1 Rh7 73. Kg1 Rg7+ 74. Kf1 Rb7 75. Ra1 Rh7
76. Kg1 Rg7+ 77. Kh2 Kf2 78. Kh3 e2 0-1

[Event "II Abierto Int Villa de Albox"]
[Site "?"]
[Date "2001.07.24"]
[Round "4"]
[White "Carrasco, Juan"]
[Black "Navarro, Borja"]
[Result "1-0"]
[WhiteElo "2341"]
[BlackElo "2078"]
[PlyCount "37"]

1. d4 d5 2. c4 c6 3. Nf3 Nf6 4. Nc3 dxc4 5. e4 b5 6. e5 Nd5 7. a4 e6 8. Ng5 Be7
9. Qg4 h5 10. Qh4 Nb4 11. Kd1 c5 12. Nxb5 a6 13. Nd6+ Bxd6 14. exd6 Qxd6 15.
Bd2 Bb7 16. Bxc4 cxd4 17. Re1 Nd5 18. Qxd4 { } 18... Nc6 19. Qxd5 1-0

[Event "II Abierto Int Villa de Albox"]
[Site "?"]
[Date "2001.07.25"]
[Round "5"]
[White "Damljanovic, Branco"]
[Black "Palac, Mladen"]
[Result "1/2-1/2"]
[WhiteElo "2549"]
[BlackElo "2578"]
[PlyCount "46"]

1. d4 Nf6 2. Nf3 e6 3. c4 b6 4. g3 Ba6 5. b3 Bb4+ 6. Bd2 Be7 7. Nc3 d5 8. cxd5
exd5 9. Bg2 O-O 10. O-O Bb7 11. Ne5 Na6 12. Rc1 Re8 13. Bg5 Ne4 14. Bxe7 Qxe7
15. e3 c5 16. Nd3 cxd4 17. exd4 Rac8 18. Nb5 18... Nb4 { } 19. Nxb4 Qxb4 20.
Nc7 Red8 21. Qd3 Qe7 22. Nb5 Ba6 23. a4 Qd7 1/2-1/2

[Event "II Abierto Int Villa de Albox"]
[Site "?"]
[Date "2001.07.25"]
[Round "5"]
[White "Gomez, Juan Mario"]
[Black "Del Rio, Salvador"]
[Result "0-1"]
[WhiteElo "2501"]
[BlackElo "2484"]
[PlyCount "122"]
[EventDate "2001.07.24"]

1. d4 Nf6 2. Nf3 e6 3. g3 b5 4. Bg2 Bb7 5. O-O Be7 6. Bg5 a6 7. Nbd2 O-O 8. c3
d6 9. a4 Nbd7 10. axb5 axb5 11. Qb3 Rb8 12. Qc2 c5 13. e4 Qc7 14. Qd3 h6 15.
Bxf6 Bxf6 16. Ra7 Qb6 17. Rfa1 Ra8 18. Rxa8 Rxa8 19. Rxa8+ Bxa8 20. b4 c4 21.
Qc2 Qa7 22. h4 Qa1+ 23. Kh2 Nb6 24. e5 Be7 25. exd6 Bxd6 26. Nb1 Nd5 27. Nfd2
f5 28. Qc1 Bc6 29. Qa3 Qxa3 30. Nxa3 Be8 31. Nab1 Nxc3 32. Nxc3 Bxb4 33. Ndb1
Ba5 34. Bf1 34... b4 { } 35. Na2 c3 36. Bc4 Kf7 37. Nc1 Bc6 38. Nb3 Bb6 39. Bd3
Bd5 40. Bc2 Bxb3 41. Bxb3 Bxd4 42. Kg2 Kf6 43. Kf1 e5 44. Ke2 e4 45. f3 exf3+
46. Kxf3 h5 47. Ke2 Be5 48. Kf3 Bd6 49. Bd1 g6 50. Bb3 Be5 51. Kf2 Ke7 52. Kf3
Kd6 53. Kf2 Kc5 54. Ke3 Bxg3 55. Nxc3 bxc3 56. Bf7 Kb4 57. Kd3 Bxh4 58. Kc2 g5
59. Bxh5 g4 60. Bf7 g3 61. Bd5 Kc5 0-1

[Event "II Abierto Int Villa de Albox"]
[Site "?"]
[Date "2001.07.25"]
[Round "5"]
[White "Strikovic, Aleksa"]
[Black "Komljenovic, Davor"]
[Result "1/2-1/2"]
[WhiteElo "2515"]
[BlackElo "2478"]
[PlyCount "58"]

1. e4 c5 2. c3 Nf6 3. e5 Nd5 4. d4 cxd4 5. Nf3 Nc6 6. Bc4 Nb6 7. Bb3 d5 8. exd6
Qxd6 9. O-O Be6 10. Bxe6 Qxe6 11. Nxd4 Nxd4 12. Qxd4 Rd8 13. Qf4 g6 14. Be3 Bg7
15. Na3 O-O 16. Rfe1 Qc6 17. Rad1 Rd5 18. Rxd5 Nxd5 19. Qe4 f5 20. Qf3 e5 21.
Bxa7 Ra8 22. Be3 Nxc3 23. Qxc6 23... bxc6 { } 24. Nc4 Nxa2 25. Bd2 e4 26. f3
exf3 27. gxf3 c5 28. Re7 Nb4 29. Rd7 29... Nc6 {Ilegible} 1/2-1/2

[Event "II Abierto Int Villa de Albox"]
[Site "?"]
[Date "2001.07.25"]
[Round "5"]
[White "Suba, Mihai"]
[Black "Minzer, Claudio"]
[Result "1/2-1/2"]
[WhiteElo "2538"]
[BlackElo "2371"]
[PlyCount "58"]

1. d4 Nf6 2. Nf3 e6 3. g3 b5 4. Bg2 Bb7 5. O-O c5 6. c3 cxd4 7. cxd4 Be7 8. Bg5
O-O 9. Qd3 a6 10. Nbd2 Nc6 11. Rac1 Rc8 12. a3 h6 13. Bxf6 Bxf6 14. Ne4 d6 15.
Rc2 Be7 16. Rfc1 Qb6 17. d5 Ne5 18. Nxe5 Rxc2 19. Qxc2 dxe5 20. Qc7 Bd8 21.
Qxb6 Bxb6 22. dxe6 22... fxe6 { } 23. e3 Rc8 24. Rxc8+ Bxc8 25. Nd6 Bd7 26. Bb7
a5 27. Ba6 b4 28. axb4 axb4 29. Bb7 29... Bc7 {Ilegible} 1/2-1/2

[Event "II Abierto Int Villa de Albox"]
[Site "?"]
[Date "2001.07.25"]
[Round "5"]
[White "Barria, Daniel"]
[Black "Janev, Eugeni"]
[Result "1-0"]
[WhiteElo "2352"]
[BlackElo "2493"]
[PlyCount "67"]

1. e4 Nf6 2. e5 Nd5 3. d4 d6 4. c4 Nb6 5. exd6 cxd6 6. Nc3 g6 7. Be3 Bg7 8. Rc1
O-O 9. b3 N6d7 10. Nf3 Nf6 11. d5 a6 12. Be2 b5 13. O-O Bd7 14. b4 a5 15. bxa5
b4 16. Bb6 Qc8 17. Nb5 Na6 18. Re1 Qb7 19. Nfd4 Rac8 20. Bf3 Rfe8 21. Na7 Ra8
22. Nac6 Bc8 23. Nb5 Qd7 24. Qd2 h5 25. Nxb4 Nh7 26. Nc6 Bb7 27. h3 Bh6 28. Be3
Bf8 29. Bg5 Nc5 30. Re2 Qf5 31. Qf4 Qxf4 32. Bxf4 Nd3 33. Nc7 Nxf4 34. Re3 {
Ilegible} 1-0

[Event "II Abierto Int Villa de Albox"]
[Site "?"]
[Date "2001.07.25"]
[Round "5"]
[White "Khamrakulov, Ibragim"]
[Black "Hernando Rodrigo, J."]
[Result "1/2-1/2"]
[WhiteElo "2485"]
[BlackElo "2333"]
[PlyCount "64"]
[EventDate "2001.07.24"]

1. e4 e6 2. d4 d5 3. Nd2 Nf6 4. e5 Nfd7 5. Bd3 c5 6. c3 Nc6 7. Ne2 cxd4 8. cxd4
f6 9. exf6 Nxf6 10. O-O Bd6 11. Nf3 Qc7 12. b3 O-O 13. Bb2 Ng4 14. Ng3 e5 15.
dxe5 15... Bc5 { } 16. Rc1 Nxf2 17. Rxf2 Bxf2+ 18. Kxf2 Qb6+ 19. Kf1 Bg4 20.
Be2 Rad8 21. h3 Be6 22. Bd3 Nxe5 23. Bxe5 Qe3 24. Bb2 Bxh3 25. Be2 d4 26. Rc7
Qe5 27. gxh3 Qxg3 28. Rxb7 Qxh3+ 29. Kg1 Qg3+ 30. Kf1 Qh3+ 31. Kg1 Qg3+ 32. Kf1
Qh3+ 1/2-1/2

[Event "II Abierto Int Villa de Albox"]
[Site "?"]
[Date "2001.07.25"]
[Round "5"]
[White "Lopez, Jose M"]
[Black "Carrasco, Juan M"]
[Result "1-0"]
[WhiteElo "2448"]
[BlackElo "2341"]
[PlyCount "41"]

1. d4 Nf6 2. Nf3 e6 3. c4 d5 4. Nc3 c6 5. Bg5 h6 6. Bh4 dxc4 7. e4 g5 8. Bg3 b5
9. Be2 Bb7 10. h4 Rg8 11. hxg5 hxg5 12. O-O b4 13. e5 bxc3 14. exf6 Qxf6 15.
bxc3 Nd7 16. Rb1 Nb6 17. Ne5 { } 17... O-O-O 18. Nxc4 Nxc4 19. Bxc4 Bc5 20.
Rxb7 Kxb7 21. Qa4 1-0

[Event "II Abierto Int Villa de Albox"]
[Site "?"]
[Date "2001.07.25"]
[Round "5"]
[White "Borges, Juan"]
[Black "Manolov, Ivan"]
[Result "1-0"]
[WhiteElo "2429"]
[BlackElo "2331"]
[PlyCount "121"]
[EventDate "2001.07.24"]

1. d4 Nf6 2. c4 e6 3. Nf3 c5 4. g3 cxd4 5. Nxd4 Nc6 6. Bg2 Qb6 7. Nb3 Ne5 8.
N3d2 Be7 9. O-O O-O 10. Nc3 d6 11. b3 Bd7 12. Nde4 Nxe4 13. Nxe4 f5 14. Bg5
Bxg5 15. Nxg5 h6 16. Nf3 Nf7 17. Qd4 Qc7 18. e4 e5 19. Qe3 f4 20. gxf4 exf4 21.
Qxf4 Ng5 22. Qe3 Nh3+ 23. Bxh3 Bxh3 24. Rfe1 Rf6 25. Nh4 Bd7 26. Rad1 Raf8 27.
Rd2 a5 28. Qg3 R8f7 29. Re3 Bc6 30. f3 Qb6 31. Qf2 Qc5 32. Nf5 { } 32... Rxf5
33. exf5 Rxf5 34. Kf1 Rf6 35. Ke1 a4 36. Kd1 axb3 37. axb3 Qa5 38. Kc1 d5 39.
cxd5 Bxd5 40. Rdd3 Bc6 41. Qc2 Qf5 42. Kb2 Kh7 43. b4 Bb5 44. Rd4 Qxc2+ 45.
Kxc2 Bc6 46. f4 Ba4+ 47. Kc3 Rc6+ 48. Rc4 Rg6 49. Rg3 Rxg3+ 50. hxg3 Bd1 51. b5
Kg6 52. Rc6+ Kh7 53. Rd6 Bf3 54. Kb4 h5 55. Ka5 g6 56. Kb6 Be4 57. Rd7+ Kh6 58.
Rxb7 h4 59. Re7 Bg2 60. gxh4 Kh5 61. Re5+ 1-0

[Event "II Abierto Int Villa de Albox"]
[Site "?"]
[Date "2001.07.25"]
[Round "5"]
[White "Ferron, Carlos"]
[Black "Belezky, Sasha"]
[Result "0-1"]
[WhiteElo "2287"]
[BlackElo "2398"]
[PlyCount "160"]
[EventDate "2001.07.24"]

1. e4 c5 2. c3 Nf6 3. e5 Nd5 4. d4 cxd4 5. Nf3 e6 6. cxd4 d6 7. Nc3 Nxc3 8.
bxc3 Qc7 9. Bd2 Nd7 10. Bd3 dxe5 11. O-O exd4 12. cxd4 Be7 13. Rc1 Qd6 14. Rb1
a5 15. Be4 O-O 16. Bxb7 Bxb7 17. Rxb7 Rfb8 18. Rxb8+ Qxb8 19. Qa4 Nb6 20. Qb5
Nd5 21. Qxb8+ Rxb8 22. Bxa5 Ra8 23. Bd2 Rxa2 24. Be3 f6 25. Rb1 Kf7 26. Kf1 g5
27. Re1 g4 28. Ng1 Bd6 29. g3 Bb4 30. Re2 Ra1+ 31. Kg2 Bc3 32. Rc2 Re1 33. Ne2
Bb4 34. Ra2 Bd6 35. h3 h5 36. h4 Kg6 37. Nf4+ Bxf4 38. Bxf4 Re4 39. Ra6 Rxd4
40. Bc1 Rd1 41. Rc6 Nb4 42. Rc8 Nd3 43. Be3 Ne5 44. Rc1 Rxc1 45. Bxc1 Kf5 46.
Kf1 Ke4 47. Kg2 Nd3 48. Bd2 e5 49. Bh6 f5 50. Bg5 Ne1+ 51. Kf1 Nf3 52. Bd8 Nd4
53. Kg2 Kd3 54. Bf6 Nc6 55. Kf1 f4 56. gxf4 56... exf4 {} 57. Bg5 f3 58. Bf6
Nd4 59. Bd8 Nf5 60. Bg5 Nd6 61. Bf4 Ne4 62. Ke1 Kc2 63. Be3 Nd6 64. Bf4 Nc4 65.
Bc7 Nb2 66. Bd6 Nd3+ 67. Kf1 Kd1 68. Bc7 Nc1 69. Bd8 Nb3 70. Bc7 Nd2+ 71. Kg1
Ke2 72. Bb6 Ne4 73. Ba7 Nd6 74. Kh2 Nf5 75. Bb6 g3+ 76. Kg1 g2 77. Bd8 Nd6 78.
Be7 Ne4 79. Bd8 Nxf2 80. Kh2 Nh3 0-1

[Event "II Abierto Int Villa de Albox"]
[Site "Albox"]
[Date "2001.07.25"]
[Round "5"]
[White "Lorenzini, Martin"]
[Black "Jimenez, Francisco"]
[Result "1/2-1/2"]
[WhiteElo "2375"]
[BlackElo "2228"]
[PlyCount "112"]
[EventDate "2001.07.24"]

1. e4 Nf6 2. e5 Nd5 3. d4 d6 4. Nf3 g6 5. Bc4 c6 6. h3 Bg7 7. O-O O-O 8. Qe2 h6
9. Bb3 a5 10. a4 Be6 11. Nbd2 Nc7 12. Nc4 d5 13. Ne3 f5 14. exf6 exf6 15. Ng4
h5 16. Bf4 hxg4 17. Bxc7 Qd7 18. hxg4 Bxg4 19. Bg3 Na6 20. c3 Rae8 21. Qd2 Bxf3
22. gxf3 Kf7 23. Kg2 Rh8 24. Rh1 Rxh1 25. Rxh1 Rh8 26. Rxh8 Bxh8 27. Bc2 Bg7
28. Qf4 Qe6 29. Bd3 g5 30. Qf5 Qxf5 31. Bxf5 { } 31... c5 32. Bc8 cxd4 33. cxd4
f5 34. Bxb7 f4 35. Bxa6 fxg3 36. fxg3 Bxd4 37. b3 Bc3 38. Kf2 Ke6 39. Bc8+ Ke5
40. Ke3 Bd4+ 41. Ke2 Bc5 42. Bg4 Bb6 43. Bh5 Bc5 44. Bf7 Bb6 45. Bg8 Bc5 46.
Kf1 Bb4 47. Kg2 Bc3 48. Kh3 Be1 49. Kg4 Bd2 50. Bf7 Be3 51. Bg6 Bd2 52. Bh7 Be3
53. Bg6 Bd2 54. Bh5 Bc1 55. Bf7 Bd2 56. Bg8 Be3 1/2-1/2

[Event "II Abierto Int Villa de Albox"]
[Site "?"]
[Date "2001.07.25"]
[Round "5"]
[White "Fernandez Siles, Luis"]
[Black "De La Paz, Frank"]
[Result "1/2-1/2"]
[WhiteElo "2184"]
[BlackElo "2461"]
[PlyCount "170"]
[EventDate "2001.07.24"]

1. e4 e5 2. Nf3 Nc6 3. Bb5 Bc5 4. O-O Nf6 5. Qe2 d6 6. c3 O-O 7. d3 Bb6 8. Nbd2
Ne7 9. Nc4 Ng6 10. Nxb6 axb6 11. Ne1 Be6 12. Bc4 d5 13. exd5 Nxd5 14. Nf3 Qd6
15. a3 Rfe8 16. Ng5 Ndf4 17. Bxf4 Bxc4 18. dxc4 exf4 19. Qh5 h6 20. Rad1 Qc6
21. Nf3 Qxc4 22. Rd4 Qe6 23. Rfd1 Re7 24. h3 Rae8 25. Qd5 Qxd5 26. Rxd5 Nf8 27.
Rd8 Ne6 28. Rxe8+ Rxe8 29. Rd7 Rd8 30. Rxd8+ Nxd8 31. Kf1 Ne6 32. Ke2 Kf8 33.
Kd3 Ke7 34. c4 f5 35. b4 Kf6 36. Nd4 Nd8 37. Nb5 c5 38. Nc7 cxb4 39. axb4 Ke5
40. b5 g5 41. Nd5 Ne6 42. Nxb6 {} 42... Nc5+ 43. Ke2 Ne6 44. Nc8 g4 45. f3
Nd4+ 46. Kf2 g3+ 47. Kg1 Ke6 48. Kf1 Nb3 49. Ke2 Nd4+ 50. Kf1 Kd7 51. Nb6+ Kd6
52. Na4 Nb3 53. Ke2 Ke5 54. Nb6 Nd4+ 55. Kf1 h5 56. Nc8 h4 57. Nb6 Ne6 58. Nc8
Nc5 59. Ke2 Nd7 60. Kd3 Ke6 61. Ke2 Nc5 62. Nb6 Ke5 63. Nc8 Ne6 64. Kf1 Nc5 65.
Ke2 Nb3 66. Ke1 Nd4 67. Kf1 Ke6 68. Nb6 Kd6 69. Na4 Nb3 70. Ke2 Nd4+ 71. Kf1
Ne6 72. Ke2 Ke5 73. Nb6 Kd4 74. Nc8 Kc5 75. Kd3 Nd4 76. Nd6 Nxf3 77. Nxb7+ Kb6
78. Nd6 Ng1 79. Nxf5 f3 80. gxf3 Nxf3 81. Ne3 Ng5 82. Ng2 Nxh3 83. Nxh4 Ng5 84.
Ng2 Ne6 85. Ke4 Kc5 1/2-1/2

[Event "II Abierto Int Villa de Albox"]
[Site "?"]
[Date "2001.07.25"]
[Round "5"]
[White "Garcia Martinez, Cesar"]
[Black "Gomez, Salvador"]
[Result "0-1"]
[WhiteElo "2120"]
[BlackElo "2196"]
[PlyCount "94"]
[EventDate "2001.07.24"]

1. d4 Nf6 2. e3 d6 3. Nf3 g6 4. Bd3 Bg7 5. c3 O-O 6. O-O Nbd7 7. Qc2 e5 8. e4
Nh5 9. Na3 Nb6 10. dxe5 dxe5 11. Bg5 f6 12. Rad1 Qe7 13. Be3 Be6 14. b4 Qf7 15.
c4 Nd7 16. h3 g5 17. Nb5 Nb6 18. c5 Nc8 19. Rd2 a6 20. Nc3 Ne7 21. Rfd1 Ng6 22.
Bf1 Nhf4 23. Ne2 Nxe2+ 24. Bxe2 Nf4 25. Bf1 Kh8 26. Bxf4 gxf4 27. Kh2 Qh5 28.
Be2 Qh6 29. Bc4 Bg4 30. Be2 f5 31. exf5 Bxf5 32. Bd3 Be6 33. Be4 Rab8 34. a4
Bf6 35. Bf5 Bxf5 36. Qxf5 Rbe8 37. Qe4 Rg8 38. Rd7 Rg7 39. Rxg7 Qxg7 40. Rd5 c6
41. Rd1 Rg8 42. Ne1 Bh4 43. Qf3 Qe7 44. Rd6 e4 45. Qxf4 45... Rf8 { } 46. Qh6
Bg5 47. Qe6 Bf4+ 0-1

[Event "II Abierto Int Villa de Albox"]
[Site "?"]
[Date "2001.07.25"]
[Round "5"]
[White "Korneev, Oleg"]
[Black "Garcia Granero, Ana"]
[Result "1-0"]
[WhiteElo "2572"]
[BlackElo "1902"]
[PlyCount "79"]
[EventDate "2001.07.24"]

1. e4 e5 2. Nf3 Nf6 3. d4 Nxe4 4. Bd3 d5 5. Nxe5 Nd7 6. Nxd7 Bxd7 7. O-O Be7 8.
c4 c6 9. Nc3 Nxc3 10. bxc3 Be6 11. cxd5 Bxd5 12. Bf4 12... O-O { } 13. Qb1 Qd7
14. Bxh7+ Kh8 15. Bf5 Be6 16. Bxe6 fxe6 17. Be5 Bf6 18. Re1 Bxe5 19. Rxe5 Rf5
20. Qe4 Raf8 21. f3 Rxe5 22. Qxe5 Qd5 23. Qxd5 exd5 24. Kf2 Kg8 25. g4 b6 26.
h4 c5 27. h5 Rc8 28. g5 cxd4 29. cxd4 Rc2+ 30. Kg3 Rd2 31. Rc1 Rxd4 32. Rc8+
Kf7 33. f4 Rd1 34. g6+ Kf6 35. Rf8+ Ke6 36. f5+ Ke5 37. f6 gxf6 38. h6 Rg1+ 39.
Kf2 Rxg6 40. h7 1-0

[Event "II Abierto Int Villa de Albox"]
[Site "?"]
[Date "2001.07.25"]
[Round "6"]
[White "Del Rio, Salvador"]
[Black "Damljanovic, Branco"]
[Result "0-1"]
[WhiteElo "2484"]
[BlackElo "2549"]
[PlyCount "95"]
[EventDate "2001.07.24"]

1. d4 Nf6 2. c4 d6 3. Nc3 Nbd7 4. e4 e5 5. Nf3 g6 6. Be2 Bg7 7. O-O O-O 8. Re1
c6 9. Bf1 exd4 10. Nxd4 Re8 11. Bf4 Nc5 12. Qc2 Nfd7 13. Nb3 Be5 14. Be3 a5 15.
Rad1 Qe7 16. Nd4 Nf8 17. f4 Bg7 18. Bf2 a4 19. a3 Bg4 20. Rb1 Nfe6 21. Nxe6
Bxe6 22. h3 f5 23. exf5 Bxf5 24. Rxe7 Bxc2 25. Rxe8+ Rxe8 26. Rc1 Bb3 27. Re1
Rxe1 28. Bxe1 Nd7 29. Bf2 c5 30. g4 Nb6 31. Bg2 31... Nxc4 {} 32. Bd5+ Kf8 33.
Bxc4 Bxc4 34. Nxa4 Bb3 35. Nc3 Ke7 36. Be3 b6 37. Kf2 d5 38. Bc1 Ke6 39. Nb1 d4
40. Nd2 Bd5 41. Nf3 Bxf3 42. Kxf3 Kd5 43. Bd2 c4 44. h4 b5 45. g5 d3 46. Bc1
Bd4 47. f5 gxf5 48. h5 0-1

[Event "II Abierto Int Villa de Albox"]
[Site "?"]
[Date "2001.07.25"]
[Round "6"]
[White "Palac, Mladen"]
[Black "Strikovic, Aleksa"]
[Result "1/2-1/2"]
[WhiteElo "2578"]
[BlackElo "2515"]
[PlyCount "21"]
[EventDate "2001.07.24"]

1. e4 d6 2. d4 Nf6 3. Nc3 e5 4. Nf3 Nbd7 5. Bc4 Be7 6. O-O O-O 7. Re1 c6 8. a4
b6 9. d5 cxd5 10. Nxd5 Nxd5 11. Bxd5 { } 1/2-1/2

[Event "II Abierto Int Villa de Albox"]
[Site "?"]
[Date "2001.07.25"]
[Round "6"]
[White "Belezky, Sasha"]
[Black "Komljenovic, Davor"]
[Result "1/2-1/2"]
[WhiteElo "2398"]
[BlackElo "2478"]
[PlyCount "51"]
[EventDate "2001.07.24"]

1. Nf3 d5 2. g3 c6 3. Bg2 Bg4 4. d3 Nd7 5. Nbd2 e5 6. e4 Ngf6 7. O-O Bd6 8. h3
Bh5 9. b3 O-O 10. Bb2 Re8 11. Qc1 a5 12. a4 { } 12... Bb4 13. Ba3 Bc3 14. Bb2
Bb4 15. Ba3 Qb6 16. Bxb4 Qxb4 17. Re1 Qd6 18. Nh4 Nc5 19. Nf5 Qc7 20. Nf1 Bg6
21. Qa3 Bxf5 22. Qxc5 Be6 23. Ne3 b6 24. Qa3 Rad8 25. Rad1 d4 26. Nf1 {Ilegible
} 1/2-1/2

[Event "II Abierto Int Villa de Albox"]
[Site "?"]
[Date "2001.07.25"]
[Round "6"]
[White "Barria, Daniel"]
[Black "Lopez, Jose M"]
[Result "0-1"]
[WhiteElo "2352"]
[BlackElo "2448"]
[PlyCount "50"]
[EventDate "2001.07.24"]

1. e4 e6 2. d4 d5 3. e5 c5 4. c3 Qb6 5. Nf3 Bd7 6. Be2 Nc6 7. O-O cxd4 8. cxd4
Nge7 9. b3 Rc8 10. Bb2 Nf5 11. Kh1 h5 12. h4 g6 13. g3 Be7 14. Qd2 Bb4 15. Qf4
Bf8 16. Rd1 Bh6 17. Ng5 Kf8 18. Bf1 Kg7 19. Nc3 Ncxd4 20. Nxd5 20... Bc6 { }
21. Rxd4 Bxg5 22. hxg5 Nxd4 23. Bg2 Bxd5 24. Qf6+ Kg8 25. Bxd5 Nf5 0-1

[Event "II Abierto Int Villa de Albox"]
[Site "?"]
[Date "2001.07.25"]
[Round "6"]
[White "Vella, Alfonso"]
[Black "Borges, Juan"]
[Result "0-1"]
[WhiteElo "2194"]
[BlackElo "2429"]
[PlyCount "58"]
[EventDate "2001.07.24"]

1. f4 d5 2. b3 c5 3. e3 Nc6 4. Bb2 a6 5. Nf3 Nf6 6. Be2 Bg4 7. O-O e6 8. d3 Qc7
9. Ne5 Bxe2 10. Qxe2 Be7 11. Nd2 O-O 12. Ndf3 Nd7 13. Nxd7 Qxd7 14. Ne5 Qc7 15.
Nxc6 Qxc6 16. Qg4 f6 17. f5 exf5 18. Qxf5 Rae8 19. Rf3 g6 20. Rg3 Rf7 21. Rf1
21... Bd6 { } 22. Rxg6+ hxg6 23. Qxg6+ Rg7 24. Qxf6 d4 25. Rf3 Rxe3 26. Qd8+
Re8 27. Qf6 Re3 28. Qd8+ Qe8 29. Qxd6 Re1+ 0-1

[Event "II Abierto Int Villa de Albox"]
[Site "?"]
[Date "2001.07.25"]
[Round "6"]
[White "Hernando Rodrigo, Jose Maria"]
[Black "Suba, Mihai"]
[Result "0-1"]
[WhiteElo "2333"]
[BlackElo "2538"]
[PlyCount "76"]
[EventDate "2001.07.24"]

1. d4 Nf6 2. c4 e6 3. Nc3 Bb4 4. e3 b6 5. Bd3 Bb7 6. Nge2 Bxg2 7. Rg1 Be4 8. a3
Bxc3+ 9. Nxc3 Bg6 10. e4 Nc6 11. Bg5 Qc8 12. d5 Bh5 13. Be2 Bxe2 14. Qxe2 Nd4
15. Qd1 c5 16. dxc6 Nxc6 17. Bxf6 gxf6 18. Nb5 Qb8 19. Rg7 Kf8 20. Rxf7+ { }
20... Kxf7 21. Qxd7+ Kg6 22. O-O-O Qf4+ 23. Kb1 Qxe4+ 24. Ka1 Qg4 25. h3 Ne5
26. Qd2 Nf3 27. Qc3 Qe4 28. Nd6 Qe2 29. Qb3 Rad8 30. Rd3 Rxd6 31. Rxd6 Rc8 32.
Rd3 Ne5 33. Rg3+ Kf7 34. f4 Nxc4 35. f5 Qf1+ 36. Ka2 Qxf5 37. Qd1 Qd5 38. Rd3
Ne3+ 0-1